Statystyki dla Złote karty Holendrów w EA FC 24

Kliknij tutaj aby rozwiązać quiz!

Ogólne statystyki

  • Ten quiz został rozwiązany 14 razy
  • Średni wynik to 21 z 72

Statystyki odpowiedzi

OverallZawodnik% Poprawnych
87Frenkie de Jong
100%
79Luuk de Jong
100%
78Micky van de Ven
100%
89Virgil van Dijk
100%
84Memphis Depay
88%
82Mark Flekken
75%
78Tyrell Malacia
75%
83Cody Gakpo
63%
78Jasper Cillessen
63%
86Matthijs de Ligt
63%
82Stefan de Vrij
63%
79Steven Bergwijn
63%
77Daley Blind
50%
82Donyell Malen
50%
80Georginio Wijnaldum
50%
81Steven Berghuis
50%
79Xavi Simons
50%
76Andries Noppert
38%
76Brian Brobbey
38%
76Davy Klaassen
38%
81Denzel Dumfries
38%
77Donny van de Beek
38%
79Jurrien Timber
38%
78Justin Bijlow
38%
81Nathan Ake
38%
80Teun Koopmeiners
38%
83Jeremie Frimpong
25%
76Jordan Teze
25%
75Kenneth Taylor
25%
76Kenny Tete
25%
79Lutsharel Geertruida
25%
80Marten de Roon
25%
78Noa Lang
25%
75Remko Pasveer
25%
75Robin Propper
25%
77Vincent Janssen
25%
77Wout Weghorst
25%
81Arnaut Danjuma
13%
75Bart Verbruggen
13%
78Branco van den Boomen
13%
75Dani de Wit
13%
75Devyne Rensch
13%
78Hans Hateboer
13%
78Jordy Clasie
13%
77Justin Kluivert
13%
76Marco Bizot
13%
76Mats Wieffer
13%
75Milan van Ewijk
13%
75Nick Olij
13%
76Patrick van Aanholt
13%
79Perr Schuurs
13%
78Rick Karsdorp
13%
79Ryan Gravenberch
13%
83Sven Botman
13%
75Thijs Dallinga
13%
78Tijjani Reijnders
13%
75Tonny Vilhena
13%
75Anwar El Ghazi
0%
76Azor Matusiwa
0%
78Danilho Doekhi
0%
75El Mahdioui
0%
75Gijs Smal
0%
75Gustavo Hamer
0%
75Jeffrey Gouweleeuw
0%
75Jerdy Schouten
0%
77Jeremiah St. Juste
0%
78Joel Veltman
0%
76Owen Wijndal
0%
75Pablo Rosario
0%
75Schenkeveld
0%
76Stijn Spierings
0%
78Veerman
0%

Rozkład punktacji

Percentyl według liczby udzielonych odpowiedzi

Procent ludzi z każdym wynikiem

Twoja historia wyników

Nie rozwiązałeś tego quizu